00600nam a2200181 a 450000100100000000500170001000800410002702000150006804000250008308200130010810000320012124500980015326000610025130000200031249000190033258600490035183000180040000002562420200930023926.0110218s1991 sp r 000 0 spa d a8478200967 aDO-SdBNPbspacBNPHU ann*bnn*1 aRedondo Andújar, Antonio.10aFantasmagorías entre poemas de amor que no deben ser cantados /cAntonio Redondo Andújar. aZaragoza :bInstitución Fernando el Católico,c1991. a54 p. ;c24 cm.1 aSan Jorge.v61 aPremio del VI Concurso "Isabel de Portugal". 0aSan Jorgev61